Every Europa League Goalscorer (2020/21) - Statistics

General Stats
  • This quiz has been taken 97 times
    47 since last reset
  • The average score is 70 of 339
Answer Stats
Answer % Correct
Nicolas Pépé
87%
Pierre-Emerick Aubameyang
87%
Bruno Fernandes
77%
Harry Kane
77%
Jamie Vardy
77%
Son Heung-min
77%
Alexandre Lacazette
74%
Edin Džeko
74%
Hakan Çalhanoğlu
74%
Lucas Moura
74%
Gareth Bale
71%
Gerard Moreno
71%
Leon Bailey
71%
Mohamed Elneny
71%
Burak Yılmaz
68%
Edinson Cavani
68%
Marcus Rashford
68%
Bukayo Saka
65%
Dries Mertens
65%
Emile Smith Rowe
65%
Franck Kessié
65%
Piotr Zieliński
65%
Brahim Díaz
61%
Kieran Tierney
61%
Martin Ødegaard
61%
Patrik Schick
61%
Giovani Lo Celso
58%
Harvey Barnes
58%
Kelechi Iheanacho
58%
Paul Pogba
58%
Rafael Leão
58%
Rafa Silva
58%
Daniel James
55%
Dušan Tadić
55%
Henrikh Mkhitaryan
55%
Carlos Bacca
52%
Cengiz Ünder
52%
Hirving Lozano
52%
Mislav Oršić
52%
David Luiz
48%
James Maddison
48%
Jens Petter Hauge
48%
Marcus Berg
48%
Simon Kjær
48%
Yusuf Yazıcı
48%
Alfredo Morelos
45%
Carlos Vinícius
45%
Darwin Núñez
45%
Eran Zahavi
45%
Fabián Ruiz
45%
Gabriel
45%
Lorenzo Pellegrini
45%
Moanes Dabbur
45%
Pizzi
45%
Andrej Kramarić
42%
David Neres
42%
Moussa Diaby
42%
Pau Torres
42%
Pedro
42%
Timothy Weah
42%
Amad Diallo
39%
Bryan Cristante
39%
Dele Alli
39%
Diego Demme
39%
Eddie Nketiah
39%
Harry Winks
39%
Jan Vertonghen
39%
Julian Weigl
39%
Mario Götze
39%
Pablo Marí
39%
Christoph Baumgartner
35%
El Fardou Ben Nabouhane
35%
Florian Wirtz
35%
James Tavernier
35%
Julian Baumgartlinger
35%
Odsonne Édouard
35%
Raúl Albiol
35%
Ryan Kent
35%
Borja Mayoral
32%
Bruno Petković
32%
Darwin Machís
32%
Dennis Praet
32%
Donyell Malen
32%
Folarin Balogun
32%
Ianis Hagi
32%
Lucas Alario
32%
Rade Krunić
32%
Samu Castillejo
32%
Steven Berghuis
32%
Takefusa Kubo
32%
Theo Hernandez
32%
Borna Barišić
29%
Diogo Dalot
29%
Joe Willock
29%
Matteo Politano
29%
Roberto Soldado
29%
Zeki Çelik
29%
Bruno Peres
26%
Gianluca Mancini
26%
Jordan Veretout
26%
Juan Foyth
26%
Luis Suárez
26%
Paco Alcácer
26%
Reiss Nelson
26%
Samuel Chukwueze
26%
Youssef El-Arabi
26%
Yusuf Demir
26%
Jonathan Ikoné
23%
Karim Bellarabi
23%
Kemar Roofe
23%
Kerem Demirbay
23%
Luca Waldschmidt
23%
Marash Kumbulla
23%
Marko Livaja
23%
Mason Greenwood
23%
Ricardo Horta
23%
Willian José
23%
Albert Guðmundsson
19%
Connor Goldson
19%
Everton
19%
Filip Helander
19%
Glen Kamara
19%
Hassane Kamara
19%
Nadiem Amiri
19%
Nicola Zalewski
19%
Roger Ibañez
19%
Tom Rogic
19%
Aleksandar Dragović
16%
Carles Pérez
16%
Denzel Dumfries
16%
Hamza Choudhury
16%
Jean-Pierre Nsame
16%
Joe Aribo
16%
Jordi Gómez
16%
Joško Gvardiol
16%
Lior Refaelov
16%
Lovro Majer
16%
Luke Thomas
16%
Magnus Wolff Eikrem
16%
Manu Trigueros
16%
Mario Rondón
16%
Mohamed Elyounoussi
16%
Noni Madueke
16%
Peter Olayinka
16%
Ritchie De Laet
16%
Robert Skov
16%
Roman Yaremchuk
16%
Sargis Adamyan
16%
Scott Arfield
16%
Teun Koopmeiners
16%
Yangel Herrera
16%
Abdallah Sima
13%
Adolfo Gaich
13%
Ali Al Musrati
13%
Andrija Živković
13%
Brian Brobbey
13%
Cody Gakpo
13%
Davy Klaassen
13%
Duje Čop
13%
Florian Grillitsch
13%
Guélor Kanga
13%
Husein Balić
13%
Ishak Belfodil
13%
Johannes Eggestein
13%
Júnior Moraes
13%
Kenedy
13%
Mijat Gaćinović
13%
Mikael Ishak
13%
Nico Gaitán
13%
Nicolae Stanciu
13%
Ohi Omoijuanfo
13%
Taxiarchis Fountas
13%
Tetê
13%
Viktor Claesson
13%
Yeremi Pino
13%
Abdoul Tapsoba
10%
Ahmed Hassan
10%
Alan Patrick
10%
Aleksandar Katai
10%
Álex Baena
10%
Amine Gouiri
10%
Bořek Dočkal
10%
Cedric Itten
10%
Christian Fassnacht
10%
Christos Tzolis
10%
Dan Ndoye
10%
David Datro Fofana
10%
Dávid Hancko
10%
Dejan Joveljić
10%
Didier Lamkel Zé
10%
Diego Falcinelli
10%
Elvis Manu
10%
Ercan Kara
10%
Fransérgio
10%
Galeno
10%
Iyayi Atiemwen
10%
Jordan Flores
10%
Konstantinos Laifis
10%
Kristijan Bistrović
10%
Leigh Griffiths
10%
Marko Raguž
10%
Max Gradel
10%
Maxime Lestienne
10%
Mërgim Berisha
10%
Michael Liendl
10%
Milan Gajić
10%
Olarenwaju Kayode
10%
Paulinho
10%
Stephan El Shaarawy
10%
Alberto Soro
6%
Alexis Claude-Maurice
6%
Ali Sowe
6%
Andreas Bouchalakis
6%
Andreas Gruber
6%
Arouna Koné
6%
Callum McGregor
6%
Ciprian Deac
6%
Claudiu Keșerü
6%
Dan Biton
6%
David McMillan
6%
David Turnbull
6%
Diogo Gonçalves
6%
Dmytro Ivanisenya
6%
Eirik Ulland Andersen
6%
Elton Acolatse
6%
Éric Bauthéac
6%
Ernest Asante
6%
Felipe Avenatti
6%
Felix Mambimbi
6%
Fer Niño
6%
Gabriel Debeljuh
6%
Gianluca Gaudino
6%
Giorgos Masouras
6%
Gonçalo Ramos
6%
Jaime Romero
6%
Jan Kuchta
6%
Jesper Karlsson
6%
Joël Piroe
6%
Jonathan Agudelo
6%
Jon Bautista
6%
Jorge Molina
6%
Kelvin Arase
6%
Kiril Despodov
6%
Lirim Kastrati
6%
Luka Ivanušec
6%
Luka Menalo
6%
Lukáš Juliš
6%
Lukáš Provod
6%
Lutsharel Geertruida
6%
Martin Ellingsen
6%
Martin Hongla
6%
Maximilian Beier
6%
Maximilian Hofmann
6%
Milan Pavkov
6%
Muamer Tanković
6%
Nacho Monreal
6%
Nathan Patterson
6%
Núrio Fortuna
6%
Owen Wijndal
6%
Patrick Hoban
6%
Petros Mantalos
6%
Pieter Gerkens
6%
Riccardo Calafiori
6%
Ridgeciano Haps
6%
Rotem Hatuel
6%
Sandro Kulenović
6%
Seán Hoare
6%
Stefan Schwab
6%
Stjepan Lončar
6%
Tiago Rodrigues
6%
Tim Kleindienst
6%
Tomáš Holeš
6%
Uroš Matić
6%
Yonatan Cohen
6%
Abdellah Zoubir
3%
Aleksandar Pešić
3%
Ángel Montoro
3%
Chris Shields
3%
Christopher Jullien
3%
Dario Vizinger
3%
Darko Velkovski
3%
Dor Peretz
3%
Eirik Hestad
3%
Etzaz Hussain
3%
Higinio Marín
3%
Ivan Tomečak
3%
Jordan Siebatcheu
3%
Koya Kitagawa
3%
Ladislav Krejčí
3%
Manuel Benson
3%
Meschak Elia
3%
Miralem Sulejmani
3%
Mustapha Yatabaré
3%
Nemanja Milunović
3%
Njegoš Petrović
3%
Orkun Kökçü
3%
Peter Michorl
3%
Philipp Wiesinger
3%
Portu
3%
Ricardo Esgaio
3%
Robert Murić
3%
Srđan Plavšić
3%
Stavros Vasilantonopoulos
3%
Thomas Murg
3%
Tommaso Milanese
3%
Vadis Odjidja-Ofoe
3%
Vitaliy Buyalskyi
3%
Yann M'Vila
3%
Allahyar Sayyadmanesh
0%
Andronikos Kakoullis
0%
Artem Hromov
0%
Brandon Mechele
0%
Bruno Martins Indi
0%
Caner Osmanpaşa
0%
Christoph Knasmüllner
0%
Dejan Ljubičić
0%
Enric Saborit
0%
Itamar Shviro
0%
Jan Matoušek
0%
Kamso Mara
0%
Mads Emil Madsen
0%
Mamoudou Karamoko
0%
Marcel Ritzmaier
0%
Melih Ibrahimoglu
0%
Michał Skóraś
0%
Nélson Oliveira
0%
Nicolas Raskin
0%
Ondřej Lingr
0%
Owusu Kwabena
0%
Petar Filipović
0%
Rene Renner
0%
Seán Murray
0%
Taras Kacharaba
0%
Vítor Tormena
0%
Vladlen Yurchenko
0%
Vladyslav Kabayev
0%
Vladyslav Kocherhin
0%
Yusuf Helal
0%
No matching quizzes found
Score Distribution
Percent of People with Each Score
Percentile by Number Answered
Your Score History
You have not taken this quiz since the last reset